Соціологія праці (Запис № 314579)

МАРК-запис
000 -Лідер
fixed length control field 00601nam a22002537a 4500
003 - Ідентифікатор контрольного номера
control field UA-OsUOA
001 - Контрольний номер
control field 28216
007 - Фіксоване поле фізичного опису
fixed length control field ta
008 - Елементи даних фіксованої довжини – загальна інформація
fixed length control field 20040929b un ||||| |||| 00| 0 ukr d
090 ## - Локальний шифр розміщення
Класифікаційний індекс УДК 316.334.22
Авторський знак (НП) Л84
040 ## - Джерело каталогізації
Агенція оригінальної каталогізації UA-OsUOA
Мова каталогізації ukr
Агенція, яка здійснювала перезапис UA-OsUOA
Агенція, яка здійснювала модифікацію UA-OsUOA
041 ## - Код мови
Код мови тексту/ звукової доріжки чи окремого заголовка (П) ukr
080 ## - Індекс Універсальної десяткової класифікації
Індекс Універсальної десяткової класифікації (УДК) (НП) 316.334.22
020 ## - Міжнародний стандартний книжковий номер (ISBN)
Міжнародний стандартний книжковий номер (ISBN) (НП) 966-06-0288
044 ## - Код країни видавця/ виробника
Код країни видавця/ виробника (П) UA
100 ## - Основне введення – ім’я особи
Ім’я особи (НП) Лукашевич М. П.
245 ## - Відомості про назву
Назва (НП) Соціологія праці
Решта назви (НП) Підручник
260 ## - Публікація, розповсюдження і т.п. (Вихідні дані)
Місце публікації, розповсюдження і т.п. (П) Київ
Ім’я/ наймення видавництва, розповсюджувача і т.п. (П) Либідь
Дата публікації, розповсюдження і т.п. (П) 2004
300 ## - Фізичний опис
Обсяг 440 с.
650 #7 - Додаткове предметне введення – тематичний термін
Джерело заголовка чи терміна UDC
942 ## - Додаткові елементи входу (Коха)
Тип елемента Koha Книги
955 ## - Код типу видання за змістом
Код типу видання за змістом (НП) інше
Фонди
Стан вилучень Стан втрат Джерело класифікації або схеми стелажів Стан уражень Не для кредиту Постійне місце розташування Поточне розміщення Дата придбання Вартість, звичайна ціна покупки Інвентарний номер Усього замовленно Повний номер виклику Штрих-код Дата останнього перегляду Ціна ефективна від Тип елемента Koha
    Universal Decimal Classification     АБ - Абонемент НБ АБ - Абонемент НБ 29/09/2004 23.31 93921   316.334.22 Л84 93921 17/11/2021 29/09/2004 Книги
    Universal Decimal Classification     АБ - Абонемент НБ АБ - Абонемент НБ 29/09/2004 23.31 93922   316.334.22 Л84 93922 17/11/2021 29/09/2004 Книги
    Universal Decimal Classification     АБ - Абонемент НБ АБ - Абонемент НБ 29/09/2004 23.31 93923   316.334.22 Л84 93923 17/11/2021 29/09/2004 Книги
    Universal Decimal Classification     АБ - Абонемент НБ АБ - Абонемент НБ 29/09/2004 23.31 93924   316.334.22 Л84 93924 17/11/2021 29/09/2004 Книги
    Universal Decimal Classification     АБ - Абонемент НБ АБ - Абонемент НБ 29/09/2004 23.31 93925   316.334.22 Л84 93925 17/11/2021 29/09/2004 Книги
    Universal Decimal Classification     АБ - Абонемент НБ АБ - Абонемент НБ 29/09/2004 39.46 93926   316.334.22 Л84 93926 17/11/2021 29/09/2004 Книги
    Universal Decimal Classification     АБ - Абонемент НБ АБ - Абонемент НБ 29/09/2004 39.46 93927   316.334.22 Л84 93927 17/11/2021 29/09/2004 Книги
    Universal Decimal Classification     АБ - Абонемент НБ АБ - Абонемент НБ 29/09/2004 39.46 93928   316.334.22 Л84 93928 17/11/2021 29/09/2004 Книги
    Universal Decimal Classification     АБ - Абонемент НБ АБ - Абонемент НБ 29/09/2004 39.46 93929   316.334.22 Л84 93929 17/11/2021 29/09/2004 Книги
    Universal Decimal Classification     АБ - Абонемент НБ АБ - Абонемент НБ 29/09/2004 39.46 93930   316.334.22 Л84 93930 18/11/2021 29/09/2004 Книги
    Universal Decimal Classification     ЧЗ - Читальна зала ЧЗ - Читальна зала 29/09/2004 28.99 93846   316.334.22 Л84 93846 07/02/2022 29/09/2004 Книги
    Universal Decimal Classification     ЧЗ - Читальна зала ЧЗ - Читальна зала 29/09/2004 28.99 93847   316.334.22 Л84 93847 07/02/2022 29/09/2004 Книги
    Universal Decimal Classification     ЧЗ - Читальна зала ЧЗ - Читальна зала 29/09/2004 28.99 93848   316.334.22 Л84 93848 07/02/2022 29/09/2004 Книги
    Universal Decimal Classification     ЧЗ - Читальна зала ЧЗ - Читальна зала 29/09/2004 28.99 93849   316.334.22 Л84 93849 07/02/2022 29/09/2004 Книги
    Universal Decimal Classification     ЧЗ - Читальна зала ЧЗ - Читальна зала 29/09/2004 28.99 93850   316.334.22 Л84 93850 07/02/2022 29/09/2004 Книги